Ortografía práctica de la lengua española
Enregistré dans:
| Auteur principal: | |
|---|---|
| Format: | Livre |
| Langue: | espagnol |
| Publié: |
Santiago
Bibliográfica Internacional
1991
|
| Collection: | Biblioteca Didáctica
|
| Sujets: | |
| Tags: |
Ajouter un tag
Pas de tags, Soyez le premier à ajouter un tag!
|
MARC
| LEADER | 00000nam a2200000 a 4500 | ||
|---|---|---|---|
| 001 | UCY3849 | ||
| 003 | CL-VaPUC | ||
| 008 | 950119e19910000CL |||||||||||||||||spa|d | ||
| 082 | 0 | 4 | |a 461.52 |b FUE |2 21 |
| 100 | 0 | |a Fuentes de la Corte, Juan Luis |e author |9 332262 | |
| 245 | 1 | 0 | |a Ortografía práctica de la lengua española |
| 300 | |a 215 p | ||
| 942 | |c BK | ||
| 945 | |d 19950119 00:00:00 |a rbrito | ||
| 260 | |a Santiago |b Bibliográfica Internacional |c 1991 | ||
| 650 | 7 | |a ESPAÑOL ORTOGRAFIA |2 CL-VaPUC |9 309139 | |
| 583 | |a last modification |c 20170321 04:36:00 |k Rodrigo Vera | ||
| 490 | 0 | |a Biblioteca Didáctica | |
| 999 | |c 231893 |d 231891 | ||
| 952 | |0 0 |1 0 |4 0 |6 461_520000000000000_FUE_1991 |7 0 |8 A |9 235689 |a BIBCUR |b BIBCUR |d 2019-11-15 |i 3053687 |l 1 |o 461.52 FUE 1991 |p 3053687 |r 2025-04-22 |s 2023-05-09 |w 2019-11-15 |y BK |k PER | ||
| 952 | |0 0 |1 0 |4 0 |6 461_520000000000000_FUE_1991 |7 0 |8 A |9 235690 |a BIBEDU |b BIBEDU |d 2019-11-15 |i 3774627 |o 461.52 FUE 1991 |p 3774627 |r 2019-11-15 |w 2019-11-15 |y BK |k LIT | ||